<?xml version="1.0" encoding="UTF-8"?>
<record
    xmlns:xsi="http://www.w3.org/2001/XMLSchema-instance"
    xsi:schemaLocation="http://www.loc.gov/MARC21/slim http://www.loc.gov/standards/marcxml/schema/MARC21slim.xsd"
    xmlns="http://www.loc.gov/MARC21/slim">

  <leader>00239nam a2200097Ia 4500</leader>
  <controlfield tag="008">230915s9999    xx            000 0 und d</controlfield>
  <datafield tag="050" ind1=" " ind2=" ">
    <subfield code="a">HG 181 .M33 2006</subfield>
  </datafield>
  <datafield tag="100" ind1=" " ind2=" ">
    <subfield code="a">MADURA,JEFF</subfield>
  </datafield>
  <datafield tag="245" ind1=" " ind2="0">
    <subfield code="a">FINANCIAL INSTITUTIONS AND MARKETS</subfield>
  </datafield>
  <datafield tag="942" ind1=" " ind2=" ">
    <subfield code="c">BK</subfield>
  </datafield>
  <datafield tag="999" ind1=" " ind2=" ">
    <subfield code="c">86209</subfield>
    <subfield code="d">86209</subfield>
  </datafield>
  <datafield tag="952" ind1=" " ind2=" ">
    <subfield code="0">0</subfield>
    <subfield code="1">0</subfield>
    <subfield code="2">lcc</subfield>
    <subfield code="4">0</subfield>
    <subfield code="7">0</subfield>
    <subfield code="8">BUS</subfield>
    <subfield code="a">KSUL</subfield>
    <subfield code="b">KSUL</subfield>
    <subfield code="d">2024-01-23</subfield>
    <subfield code="i">23290</subfield>
    <subfield code="l">0</subfield>
    <subfield code="o">HG 181  .M33 2006 </subfield>
    <subfield code="p">010263</subfield>
    <subfield code="r">2024-01-23 11:27:05</subfield>
    <subfield code="t">C.1</subfield>
    <subfield code="w">2024-01-23</subfield>
    <subfield code="y">BK</subfield>
  </datafield>
  <datafield tag="952" ind1=" " ind2=" ">
    <subfield code="0">0</subfield>
    <subfield code="1">0</subfield>
    <subfield code="2">lcc</subfield>
    <subfield code="4">0</subfield>
    <subfield code="7">0</subfield>
    <subfield code="8">BUS</subfield>
    <subfield code="a">KSUL</subfield>
    <subfield code="b">KSUL</subfield>
    <subfield code="d">2024-01-23</subfield>
    <subfield code="i">23291</subfield>
    <subfield code="l">0</subfield>
    <subfield code="o">HG 181  .M33 2006 </subfield>
    <subfield code="p">010264</subfield>
    <subfield code="r">2024-01-23 11:27:05</subfield>
    <subfield code="t">C.2</subfield>
    <subfield code="w">2024-01-23</subfield>
    <subfield code="y">BK</subfield>
  </datafield>
  <datafield tag="952" ind1=" " ind2=" ">
    <subfield code="0">0</subfield>
    <subfield code="1">0</subfield>
    <subfield code="2">lcc</subfield>
    <subfield code="4">0</subfield>
    <subfield code="7">0</subfield>
    <subfield code="8">RSV</subfield>
    <subfield code="a">KSUL</subfield>
    <subfield code="b">KSUL</subfield>
    <subfield code="d">2024-02-05</subfield>
    <subfield code="i">23317</subfield>
    <subfield code="l">0</subfield>
    <subfield code="o">HG 181 .M33 2006</subfield>
    <subfield code="p">000269</subfield>
    <subfield code="r">2024-02-05 12:36:20</subfield>
    <subfield code="t">4</subfield>
    <subfield code="w">2024-02-05</subfield>
    <subfield code="y">SL</subfield>
  </datafield>
</record>
